[Event "Olympiad"]
[Site "Bled SLO"]
[Date "2002.11.05"]
[Round "10"]
[White "Atalik,S"]
[Black "Polgar,Ju"]
[Result "1/2-1/2"]
[WhiteElo "2575"]
[BlackElo "2685"]

1.d4 Nf6 2.c4 e6 3.Nf3 b6 4.g3 Ba6 5.b3 Bb4+ 6.Bd2 Be7 7.Bg2 c6 8.Bc3 d5
9.Nbd2 Nbd7 10.O-O O-O 11.Re1 c5 12.e4 dxe4 13.Nxe4 Bb7 14.Nfg5 cxd4 15.Bxd4 Nxe4
16.Bxe4 Bxe4 17.Nxe4 Nc5 18.Bc3 Nxe4 19.Rxe4 Bf6 20.Qxd8 Rfxd8 21.Bxf6 gxf6
22.Rg4+ Kf8 23.Rh4 Kg7 24.Rg4+ Kf8 25.Rh4  1/2-1/2

[Event "Olympiad"]
[Site "Bled SLO"]
[Date "2002.11.06"]
[Round "11"]
[White "Polgar,Ju"]
[Black "Short,N"]
[Result "1/2-1/2"]
[WhiteElo "2685"]
[BlackElo "2684"]

1.e4 Nf6 2.e5 Nd5 3.d4 d6 4.Nf3 dxe5 5.Nxe5 c6 6.Be2 Bf5 7.g4 Be6 8.f4 f6
9.Nd3 Bf7 10.O-O Na6 11.Nc3 Nxc3 12.bxc3 g6 13.Qe1 Bg7 14.f5 Qd7 15.Qf2 gxf5
16.Qxf5 Qxf5 17.gxf5 Rg8 18.Kf2 O-O-O 19.Be3 Bf8 20.Bf3 Nc7 21.a4 Nd5  1/2-1/2

[Event "Olympiad"]
[Site "Bled SLO"]
[Date "2002.11.10"]
[Round "14"]
[White "Polgar,Ju"]
[Black "Xu Jun"]
[Result "1/2-1/2"]
[WhiteElo "2685"]
[BlackElo "2643"]

1.e4 c5 2.Nf3 d6 3.d4 cxd4 4.Nxd4 Nf6 5.Nc3 a6 6.Be3 e6 7.f4 Qc7 8.a4 Nc6
9.Be2 Be7 10.O-O O-O 11.Kh1 Re8 12.Qe1 Nxd4 13.Bxd4 e5 14.fxe5 dxe5 15.Qg3 Bd8
16.Be3 Kh8 17.Bg5 Be6 18.Rad1 Be7 19.Bxf6 Bxf6 20.Rd2  1/2-1/2

[Event "GMA"]
[Site "Wijk aan Zee NED"]
[Date "2003.01.11"]
[Round "1"]
[White "Polgar,Ju"]
[Black "Topalov,V"]
[Result "1/2-1/2"]
[WhiteElo "2700"]
[BlackElo "2743"]

1.e4 c5 2.Nf3 Nc6 3.d4 cxd4 4.Nxd4 Nf6 5.Nc3 e5 6.Ndb5 d6 7.Bg5 a6 8.Na3 b5
9.Nd5 Be7 10.Bxf6 Bxf6 11.c3 Bg5 12.Nc2 O-O 13.a4 bxa4 14.Rxa4 a5 15.Bc4 Rb8
16.b3 Kh8 17.O-O f5 18.exf5 Bxf5 19.Qe2 Bg6 20.Bd3 Be8 21.Ra3 Ne7 22.Be4 Nxd5
23.Bxd5 Qb6 24.b4 axb4 25.Nxb4 Qc5 26.Qa2 Bb5 27.c4 Bxc4 28.Bxc4 Rxb4 29.Ra8 Rbb8
30.Rxb8 Rxb8 31.Bd5 g6 32.g3 Kg7 33.Kg2 Qd4 34.Bc6 Qc5 35.Bf3 Re8 36.Rb1 e4  1/2-1/2

[Event "GMA"]
[Site "Wijk aan Zee NED"]
[Date "2003.01.12"]
[Round "2"]
[White "Van Wely,L"]
[Black "Polgar,Ju"]
[Result "1/2-1/2"]
[WhiteElo "2668"]
[BlackElo "2700"]

1.d4 Nf6 2.c4 e6 3.Nf3 b6 4.g3 Ba6 5.Qa4 Bb7 6.Bg2 c5 7.dxc5 Bxc5 8.O-O O-O
9.Nc3 Be7 10.Rd1 Na6 11.Bf4 Nc5 12.Qc2 Qc8 13.Rac1 Nce4 14.Nd4 Nxc3 15.Qxc3 Bxg2
16.Kxg2 Qb7+ 17.Qf3 Ne4 18.Nb5 f5 19.Bd6 Nxd6 20.Nxd6 Qxf3+ 21.Kxf3 Rab8
22.Rc3 Rfd8 23.Rcd3 Kf8 24.e4 Bxd6 25.Rxd6 fxe4+ 26.Kxe4 Ke7 27.f4 Rb7 28.b3 Rc8
29.a4 Rc5 30.g4 Rbc7 31.R1d3 h5 32.h3 Rb7 33.f5 hxg4 34.hxg4 g6 35.fxe6 dxe6
36.Rd8 Kf6 37.Kf4 g5+ 38.Ke4 Re5+ 39.Kd4 Re1 40.Rf3+ Kg7 41.Rff8 Rg1 42.Ke5 Rxg4
43.Kxe6 Re4+ 44.Kd5 Rbe7 45.Rg8+ Kh6 46.Kc6 R4e6+ 47.Kb5 Rg6 48.b4 g4 49.c5 bxc5
50.bxc5 a6+ 51.Ka5 Ree6 52.Rxg6+ Kxg6 53.Rd6 Kf5 54.Rxe6 Kxe6 55.c6 Kd6 56.Kb6 g3
57.c7 g2 58.c8=Q g1=Q+ 59.Kxa6 Qf1+ 60.Ka7 Qf2+ 61.Ka8 Qb6 62.Qc4 Qc6+ 63.Qxc6+ Kxc6  1/2-1/2

[Event "GMA"]
[Site "Wijk aan Zee NED"]
[Date "2003.01.18"]
[Round "6"]
[White "Ponomariov,R"]
[Black "Polgar,Ju"]
[Result "1/2-1/2"]
[WhiteElo "2734"]
[BlackElo "2700"]

1.d4 Nf6 2.c4 e6 3.Nc3 Bb4 4.e3 O-O 5.Ne2 d5 6.a3 Bd6 7.c5 Be7 8.b4 b6 9.Bd2 c6
10.Nf4 bxc5 11.bxc5 e5 12.dxe5 Nfd7 13.Na4 Nxe5 14.Bc3 Qc7 15.Qc2 Nbd7 16.Bd4 Qa5+
17.Bc3 Qc7 18.Rc1 Nf6 19.Qb2 Ng6 20.Nxg6 fxg6 21.Be5 Qd8 22.Be2 Ba6 23.O-O Bxe2
24.Qxe2 Qa5 25.Qc2 Rf7 26.Nb2 Qxa3 27.Nd3 Qa6 28.Bd4 Bf8 29.Nb4 Qb7 30.Qa4 Rc8
31.Rb1 Qc7 32.f3 g5 33.Nd3 Re8 34.Qa6 h5 35.Rb2 h4 36.h3 Rfe7 37.Nf2 Nh5
38.Qd3 Ng3 39.Rfb1 Qd7 40.Qg6 Qf5 41.Qxf5 Nxf5 42.Ng4 Nxd4 43.exd4 Rc7 44.Kf2 Kh7
45.Ra1 Re6 46.Re2 Rxe2+ 47.Kxe2 Be7 48.Kd3 Bf6 49.Ra6 Kg6 50.Ne3 Kf7 51.Nc2 Ke6
52.Nb4 Kd7 53.Ke3 Be7 54.f4 gxf4+ 55.Kxf4 Bf6 56.Ke3 Bg5+ 57.Kd3 Bf6 58.Kc3 Bg5
59.Kd3  1/2-1/2

[Event "GMA"]
[Site "Wijk aan Zee NED"]
[Date "2003.01.20"]
[Round "8"]
[White "Krasenkow,M"]
[Black "Polgar,Ju"]
[Result "1/2-1/2"]
[WhiteElo "2633"]
[BlackElo "2700"]

1.d4 Nf6 2.Nf3 e6 3.c4 b6 4.Nc3 Bb7 5.a3 d5 6.cxd5 Nxd5 7.Qc2 Nxc3 8.bxc3 Be7
9.e4 O-O 10.Bd3 c5 11.O-O Qc8 12.Qa2 Rd8 13.Bf4 Nc6 14.d5 Na5 15.c4 b5 16.cxb5 exd5
17.exd5 c4 18.Be4 Bxd5 19.Rae1 Bxe4 20.Rxe4 Bf6 21.Be5 Bxe5 22.Nxe5 Qb7 23.Nc6 Nxc6
24.bxc6  1/2-1/2

[Event "GMA"]
[Site "Wijk aan Zee NED"]
[Date "2003.01.25"]
[Round "12"]
[White "Polgar,Ju"]
[Black "Anand,V"]
[Result "1/2-1/2"]
[WhiteElo "2700"]
[BlackElo "2753"]

1.e4 c6 2.d4 d5 3.Nc3 dxe4 4.Nxe4 Bf5 5.Ng3 Bg6 6.h4 h6 7.Nf3 Nd7 8.h5 Bh7
9.Bd3 Bxd3 10.Qxd3 Ngf6 11.Bf4 e6 12.O-O-O Be7 13.Kb1 O-O 14.Ne4 Qa5 15.Nxf6+ Nxf6
16.g4 Nxg4 17.Rdg1 Qf5 18.Qd2 g5 19.hxg6 fxg6 20.Bxh6 Qxf3 21.Bxf8 Rxf8 22.d5 cxd5
23.Qd4 Nf6 24.Rxg6+ Kf7 25.Rhg1 Rc8 26.Rg7+ Kf8 27.Qh4 Ke8 28.Qa4+ Kf8 29.Qh4 Ke8
30.Qa4+ Kf8  1/2-1/2

[Event "GMA"]
[Site "Wijk aan Zee NED"]
[Date "2003.01.26"]
[Round "13"]
[White "Radjabov,T"]
[Black "Polgar,Ju"]
[Result "1/2-1/2"]
[WhiteElo "2624"]
[BlackElo "2700"]

1.d4 Nf6 2.c4 e6 3.Nf3 b6 4.g3 Ba6 5.b3 Bb4+ 6.Bd2 Be7 7.Bg2 c6 8.Bc3 d5
9.Nbd2 Nbd7 10.O-O O-O 11.Re1 c5 12.e4 dxe4 13.Nxe4 Nxe4 14.Rxe4 Bb7 15.Re1 Bf6
16.Qd2 Qc7 17.dxc5 Bxc3 18.Qxc3 Nxc5 19.Rad1  1/2-1/2

[Event "It"]
[Site "Budapest HUN"]
[Date "2003.04.14"]
[Round "4"]
[White "Lutz,C"]
[Black "Polgar,Ju"]
[Result "1/2-1/2"]
[WhiteElo "2640"]
[BlackElo "2715"]

1.e4 c5 2.Nf3 d6 3.d4 cxd4 4.Nxd4 Nf6 5.Nc3 a6 6.Be3 Ng4 7.Bg5 h6 8.Bh4 g5
9.Bg3 Bg7 10.h3 Nf6 11.Qf3 Qb6 12.O-O-O Nc6 13.Nxc6 Qxc6 14.Be2 Qc5 15.Rhe1 Be6
16.e5 dxe5 17.Bd3 e4 18.Nxe4 Nxe4 19.Qxe4 O-O-O 20.a3 Rd5 21.Qb4 Rhd8 22.Qxc5+ Rxc5
23.Be2 Bf5 24.c3 Rd7 25.Bg4 Bxg4  1/2-1/2

[Event "It"]
[Site "Budapest HUN"]
[Date "2003.04.19"]
[Round "8"]
[White "Short,N"]
[Black "Polgar,Ju"]
[Result "1-0"]
[WhiteElo "2686"]
[BlackElo "2715"]

1.e4 c5 2.Nf3 d6 3.d4 cxd4 4.Nxd4 Nf6 5.Nc3 a6 6.Be2 e5 7.Nb3 Be7 8.O-O O-O
9.Kh1 Nc6 10.Be3 Be6 11.Qd2 d5 12.exd5 Nxd5 13.Nxd5 Bxd5 14.Rfd1 Bxb3 15.axb3 Qxd2
16.Rxd2 Rad8 17.Rad1 Rxd2 18.Rxd2 Rd8 19.Bd3 g6 20.c3 a5 21.f3 h6 22.g3 Bg5
23.f4 exf4 24.gxf4 Bf6 25.Kg2 g5 26.Bc4 Re8 27.Re2 gxf4 28.Bxf4 Rxe2+ 29.Bxe2 Kg7
30.Bg4 Bg5 31.Bc7 Bd8 32.Bg3 Kg6 33.Bc8 b6 34.Kf3 f5 35.Bd7 Ne7 36.Bh4 Kf7
37.Bf2 Bc7 38.h4 h5 39.Ke2 f4 40.Kf3 Ng6 41.Bf5 Ne5+ 42.Ke4 Ng4 43.Bd4 Ne3
44.Bh3 Ng4 45.Kf5 Ne3+ 46.Kg5 Nc2 47.Bf2 Ne3 48.Kxh5 Kf6 49.Bg4 Bd6 50.Be1 Bf8
51.b4 axb4 52.cxb4 Nd5 53.b5 Bb4 54.Bxb4 Nxb4 55.Be2 Kf5 56.Kh6 Kf6 57.Kh5 Kf5
58.b3 Nd5 59.Bd3+ Ke5 60.Kg4 Nf6+ 61.Kf3 Ng8 62.h5 Nh6 63.Bg6 Ng8 64.Bc2 Nh6
65.Bd3 Ng8 66.Kg4 Nf6+ 67.Kg5 f3 68.h6 f2 69.Kg6 Nd5 70.Bc4 Ke4 71.Kf7 Ne3
72.Be2 Nf5 73.h7 Ke3 74.Bf1 Ng3 75.Bg2  1-0

[Event "George Marx Rapid Match"]
[Site "Pacs HUN"]
[Date "2003.07.11"]
[Round "3"]
[White "Gelfand,B"]
[Black "Polgar,Ju"]
[Result "1-0"]
[WhiteElo "2695"]
[BlackElo "2718"]

1.e4 c5 2.Nf3 e6 3.d4 cxd4 4.Nxd4 Nf6 5.Nc3 d6 6.Be3 a6 7.f3 b5 8.g4 b4 9.Nce2 e5
10.Nb3 Be6 11.g5 Nfd7 12.Qd2 a5 13.f4 a4 14.f5 Bc4 15.Nbc1 Qa5 16.Ng3 d5
17.exd5 Bxd5 18.Bg2 Bxg2 19.Qxg2 a3 20.Nb3 axb2 21.Rb1 Qa6 22.Rxb2 Be7 23.Ne4 O-O
24.f6 Bd8 25.fxg7 Kxg7 26.Nbc5 Nxc5 27.Bxc5 Rg8 28.Rb3 Nd7 29.Bxb4 Ba5 30.Bxa5 Qxa5+
31.Qd2 Qxd2+ 32.Kxd2 Rxa2 33.Rd3 Ra4 34.Re1 Rd4 35.Rxd4 exd4 36.Nd6 Kg6 37.Kd3 f6
38.Kxd4 fxg5 39.Re6+ Kh5 40.Re7 Nf6 41.c4 Ra8 42.c5 Ra4+ 43.Ke5 Ng4+ 44.Ke6 Ra2
45.c6 Re2+ 46.Kf7 Ne5+ 47.Kg8 Rc2 48.c7 Ng4 49.c8=Q Rxc8+ 50.Nxc8 h6 51.Re2 Kh4
52.Kh7 Kh3 53.Nd6 Nxh2 54.Ne4 g4 55.Re3+ Kh4 56.Kxh6 Nf1 57.Re1 Nh2 58.Rg1 Kh3
59.Kh5  1-0

[Event "KO Rapid"]
[Site "Cap D'Agde FRA"]
[Date "2003.10.27"]
[Round "1.2"]
[White "Polgar,Ju"]
[Black "Kramnik,V"]
[Result "1/2-1/2"]
[WhiteElo "2722"]
[BlackElo "2777"]

1.e4 c5 2.f4 e6 3.Nc3 d5 4.Nf3 dxe4 5.Nxe4 Nc6 6.Bb5 Bd7 7.O-O Nf6 8.d3 a6
9.Nxf6+ gxf6 10.Ba4 Nd4 11.Bxd7+ Qxd7 12.Be3 Nf5 13.Qe2 O-O-O 14.Bf2 Qc7
15.Nd2 Qxf4 16.Ne4 Qc7 17.c3 Bd6 18.b4 Bxh2+ 19.Kh1 Bg3 20.bxc5 Rhg8 21.Kg1 Bh2+
22.Kh1 Bg3 23.Rab1 Rg6 24.Bxg3 Nxg3+ 25.Nxg3 Qxg3 26.Qb2 Rh6+ 27.Kg1 Qh2+
28.Kf2 Qf4+ 29.Ke2 Qe5+ 30.Kd2 Qg5+ 31.Ke2 Qxg2+ 32.Rf2 Qxf2+ 33.Kxf2 Rh2+
34.Ke3 Rxb2 35.Rxb2 h5  1/2-1/2

[Event "Hotel Bali Stars"]
[Site "Benidorm ESP"]
[Date "2003.11.27"]
[Round "1"]
[White "Hillarp Persson,T"]
[Black "Polgar,Ju"]
[Result "1-0"]
[WhiteElo "2512"]
[BlackElo "2722"]

1.d4 Nf6 2.c4 e6 3.Nc3 Bb4 4.f3 d5 5.a3 Bxc3+ 6.bxc3 O-O 7.cxd5 Nxd5 8.e4 Ne7
9.f4 c5 10.Nf3 Qa5 11.Bd2 Nbc6 12.d5 exd5 13.c4 Qd8 14.cxd5 Nd4 15.Nxd4 cxd4
16.Bc4 b5 17.Ba2 Kh8 18.Bb4 Re8 19.O-O a5 20.Bc5 f5 21.d6 Ng6 22.e5 Nf8 23.Bf7 Ne6
24.Bxe8 Qxe8 25.Bxd4 Bd7 26.Be3 Rb8 27.Qd3 Qf7 28.Rf2 Bc6 29.Rc1 Be4 30.Qd2 Qd7
31.Qxa5 h6 32.Rd2 Ra8 33.Qc3 Kh7 34.Rb2 Rg8 35.Rb4 Qb7 36.Qd2 Ra8 37.Rc3 Rg8
38.h3 Kh8 39.a4 g5 40.fxg5 Nxg5 41.Bxg5 Rxg5 42.Rxe4 Qxe4 43.d7  1-0

[Event "Hotel Bali Stars"]
[Site "Benidorm ESP"]
[Date "2003.11.27"]
[Round "3"]
[White "Romero Holmes,A"]
[Black "Polgar,Ju"]
[Result "1/2-1/2"]
[WhiteElo "2544"]
[BlackElo "2722"]

1.c4 Nf6 2.Nc3 g6 3.e4 d6 4.Nge2 Bg7 5.g3 c5 6.Bg2 O-O 7.d3 Nc6 8.O-O Ne8
9.Be3 Nd4 10.Qd2 Nc7 11.Bh6 Bxh6 12.Qxh6 e5 13.Nxd4 cxd4 14.Nd5 Nxd5 15.exd5 Qb6
16.b3 Bf5 17.Qd2 a5 18.Rfb1 Qb4 19.Rb2 b5 20.Qxb4 axb4 21.Bf1 Rfc8 22.Rc1 Kg7
23.f3 h5 24.Kf2 Ra3 25.Rd1 Bd7 26.Rc1 g5 27.h4 f6 28.Be2 g4 29.Rbc2 gxf3
30.Bxf3 bxc4 31.Rxc4 Rxa2+ 32.Kg1 Rxc4 33.Rxc4 Bb5 34.Rxb4 Bxd3 35.Bxh5 Be4
36.g4 Kh6 37.Rb6 Ra1+ 38.Kf2 d3 39.Rxd6 Ra2+ 40.Kg1 Rg2+ 41.Kf1 d2 42.Rxf6+ Kg7
43.g5 Rh2 44.d6 Bd3+ 45.Kg1 Re2 46.Rg6+ Kf8 47.Rf6+ Kg7 48.Rg6+  1/2-1/2

[Event "Hotel Bali Stars"]
[Site "Benidorm ESP"]
[Date "2003.11.28"]
[Round "6"]
[White "Polgar,Ju"]
[Black "Vallejo Pons,F"]
[Result "1/2-1/2"]
[WhiteElo "2722"]
[BlackElo "2662"]

1.e4 c6 2.d4 d5 3.Nc3 dxe4 4.Nxe4 Bf5 5.Ng3 Bg6 6.h4 h6 7.Nf3 Nd7 8.Bd3 Bxd3
9.Qxd3 e6 10.Bf4 Ngf6 11.O-O-O Be7 12.Kb1 O-O 13.Ng5 Qa5 14.Bd2 Qd5 15.c4 Ne5
16.Qc2 Nxc4 17.Bc1 Rfe8 18.f4 Nd6 19.Nf3 Nf5 20.Ne2 Nd6 21.Ne5 Qxg2 22.Ka1 Nf5
23.Rhg1 Qe4 24.Qd2 Rad8 25.Ng3 Nxg3 26.Rxg3 c5 27.f5 Nh5 28.fxe6 fxe6 29.Rg4 Qf5
30.Qe2 Rf8 31.Ng6 Rf7 32.Nxe7+ Rxe7 33.Rf1 Qd5 34.Bxh6 Rf8 35.Rfg1 Qf3 36.Qc4 cxd4
37.Qxd4 e5 38.Qc4+ Kh8 39.Bc1 Rf6 40.a3 Rc6 41.Qb4 Rec7 42.Bg5 Qf5 43.Be3 Qf3  1/2-1/2

[Event "Corus A"]
[Site "Wijk aan Zee NED"]
[Date "2005.01.17"]
[Round "3"]
[White "Polgar,Ju"]
[Black "Kramnik,V"]
[Result "1/2-1/2"]
[WhiteElo "2728"]
[BlackElo "2754"]

1.e4 c5 2.Nf3 Nc6 3.d4 cxd4 4.Nxd4 Nf6 5.Nc3 e5 6.Ndb5 d6 7.Bg5 a6 8.Na3 b5
9.Nd5 Be7 10.Bxf6 Bxf6 11.c3 Bg5 12.Nc2 O-O 13.a4 bxa4 14.Rxa4 a5 15.Bc4 Rb8
16.b3 Kh8 17.Qe2 f5 18.h4 Bf6 19.exf5 Bxf5 20.Nce3 Bd7 21.Bd3 Ne7 22.Nxe7 Qxe7
23.Nd5 Qf7 24.Rxa5 Bd8 25.Ra7 Qxd5 26.Rxd7 Rxb3 27.Qg4 Bf6 28.Qf5 Qg8 29.O-O Rxc3
30.Rxd6 Bxh4 31.Qxe5 Bxf2+ 32.Rxf2 Rc1+ 33.Kh2 Rxf2 34.Rh6 Rcf1 35.Rxh7+ Qxh7+
36.Bxh7 Kxh7 37.Qh5+ Kg8 38.Qe8+ Rf8 39.Qe6+ R1f7 40.Kg3 Rd8 41.Kg4 Kf8 42.Kg5 Rf6
43.Qb3 Rdd6 44.Qb8+ Kf7 45.Qb3+ Rde6 46.g4 Kg8 47.Kh4 Kh7 48.Qd3+ Rg6 49.Qf5 Rf6
50.Qe4 Rc6 51.Kg3 Rc3+ 52.Kh4 Rc5 53.Kg3 Rh5 54.Qb1 Ra5 55.Qe4 Ra1 56.Qf5 Rg1+
57.Kf2 Rh1 58.Kg3 Rg1+ 59.Kf2 Rxg4  1/2-1/2

[Event "Glitnir Blitz"]
[Site "Reykjavik ISL"]
[Date "2006.03.15"]
[Round "2.2"]
[White "Mamedjarova,T"]
[Black "Polgar,Ju"]
[Result "1/2-1/2"]
[WhiteElo "2308"]
[BlackElo "2711"]

1.d4 Nf6 2.Nf3 g6 3.g3 Bg7 4.Bg2 O-O 5.O-O d6 6.c4 Nc6 7.Nc3 Bg4 8.h3 Bxf3
9.Bxf3 Nd7 10.e3 e5 11.Ne2 Qf6 12.Bg4 Nb6 13.d5 Na5 14.Nc3 Naxc4 15.Bf3 Qe7
16.Bg2 f5 17.b3 e4 18.bxc4 Bxc3 19.Rb1 Rab8 20.c5 dxc5 21.d6 Qf7 22.dxc7 Rbc8
23.Qc2 Bg7 24.Bd2 Rxc7 25.Ba5 c4 26.Bxb6 axb6 27.Rxb6 c3 28.Rd1 Ra8 29.a4 Be5
30.Bf1 Kg7 31.Rb5 Qe7 32.Rbd5 Qf6 33.Rd7+ Rxd7 34.Rxd7+ Kh6 35.Rxb7 Rd8 36.Qb3 Rc8
37.Rf7 Qxf7 38.Qxf7 c2 39.Qe7 c1=Q 40.Qh4+ Kg7 41.Qe7+ Kh6 42.Qh4+ Kg7 43.Qe7+ Kh6  1/2-1/2

[Event "Glitnir Blitz"]
[Site "Reykjavik ISL"]
[Date "2006.03.16"]
[Round "3.2"]
[White "Polgar,Ju"]
[Black "Anand,V"]
[Result "0-1"]
[WhiteElo "2711"]
[BlackElo "2792"]

1.e4 c5 2.Nf3 d6 3.d4 cxd4 4.Qxd4 a6 5.Be3 Nc6 6.Qb6 Qxb6 7.Bxb6 Bg4 8.Nc3 g6
9.Nd5 Rc8 10.O-O-O e6 11.Ne3 Nf6 12.Nc4 d5 13.exd5 Nxd5 14.Be3 b5 15.Ncd2 Bxf3
16.gxf3 Ncb4 17.c3 Nxa2+ 18.Kc2 Bg7 19.Ne4 O-O 20.Kb3 Naxc3 21.bxc3 f5 22.Bh3 Rc6
23.Bc5 Rfc8 24.Rhe1 fxe4 25.Rxd5 Bxc3 26.Bb4 Bxb4 27.Rxe4 Rf8 28.Kxb4 Rf7  0-1

[Event "World Blitz"]
[Site "Rishon Le Zion ISR"]
[Date "2006.09.07"]
[Round "5"]
[White "Polgar,Ju"]
[Black "Gelfand,B"]
[Result "0-1"]
[WhiteElo "2710"]
[BlackElo "2729"]

1.e4 e6 2.d4 d5 3.Nc3 dxe4 4.Nxe4 Bd7 5.Nf3 Bc6 6.Bd3 Nd7 7.O-O Ngf6 8.Ng3 Be7
9.Re1 Bxf3 10.Qxf3 c6 11.a4 a5 12.h4 O-O 13.h5 c5 14.h6 g6 15.Be3 Nd5 16.Ne4 Nxe3
17.Qxe3 Qb6 18.Bb5 cxd4 19.Qf4 Nc5 20.Nf6+ Kh8 21.Qxd4 Nd7 22.Qxb6 Nxb6 23.Ng4 Nd5
24.Rad1 Rad8 25.Ne5 Kg8 26.Nc4 Ra8 27.Ne5 Bg5 28.c4 Nf6 29.Nd7 Rfd8 30.Nb6 Rab8
31.c5 Bd2 32.Rf1 Bb4 33.Rc1 Ne4 34.Nd7 Rbc8 35.Rfd1 Nxc5 36.Nf6+ Kh8 37.Rxd8+ Rxd8
38.Be8 b6 39.g4 Rd4 40.g5 Bd2 41.Rd1 Be3 42.Rxd4 Bxd4 43.Bxf7 Bxb2 44.Ne8 Nxa4
45.Bxe6 Nc5 46.Bd5 Be5 47.Kg2 a4 48.Kf3 b5 49.Kg4 b4 50.f4 Bb8 51.f5 gxf5+
52.Kxf5 b3 53.Nf6 a3 54.Nd7 Nxd7 55.Bxb3 Nc5 56.Ba2 Na4 57.g6 hxg6+ 58.Kxg6 Nc3
59.Bc4 a2 60.Bxa2 Nxa2 61.h7 Bf4 62.Kf5 Bd2 63.Ke4 Kxh7 64.Kd3 Bh6 65.Ke4 Kg6
66.Kd4 Kf5 67.Kd5 Nc3+ 68.Kd4 Bg7+ 69.Kd3 Nd5 70.Kc4 Ke5 71.Kc5 Bf8+ 72.Kc4 Nb4
73.Kc3 Kd5 74.Kd2 Kd4 75.Ke2 Nd3 76.Kf3 Bh6 77.Ke2 Ke4 78.Kd1 Nb4 79.Ke2 Be3
80.Kd1 Kf3 81.Ke1 Nc2+ 82.Kf1 Bd2 83.Kg1 Ne3 84.Kh2 Be1 85.Kh1 Bg3 86.Kg1 Ng4
87.Kh1 Nf2+ 88.Kg1 Bf4 89.Kf1 Bh2 90.Ke1 Bf4 91.Kf1 Nh3 92.Ke1 Ke3 93.Kf1 Kf3
94.Ke1 Ng5 95.Kf1 Be3 96.Ke1 Ne4 97.Kf1 Bd4 98.Ke1 Bc5 99.Kf1 Ng3+ 100.Ke1 Ke3
101.Kd1 Kd3 102.Ke1 Be3 103.Kd1 Bf2 104.Kc1 Be1 105.Kd1 Bb4 106.Kc1 Ne2+
107.Kb2 Nd4 108.Kc1 Ke2 109.Kb2 Kd2 110.Kb1 Ba3 111.Ka2 Bc1 112.Kb1 Kd1 113.Ka2 Kc2
114.Ka1 Nb5  0-1

[Event "World Blitz"]
[Site "Rishon Le Zion ISR"]
[Date "2006.09.07"]
[Round "7"]
[White "Polgar,Ju"]
[Black "Svidler,P"]
[Result "1/2-1/2"]
[WhiteElo "2710"]
[BlackElo "2742"]

1.e4 c6 2.d4 d5 3.exd5 cxd5 4.c4 Nf6 5.Nc3 e6 6.Nf3 Bb4 7.cxd5 Nxd5 8.Qc2 Nc6
9.Be2 Nce7 10.O-O Bd7 11.Ne4 Bc6 12.a3 Bd6 13.Bd3 Rc8 14.Ne5 Ng6 15.Nxc6 bxc6
16.Nxd6+ Qxd6 17.Qc5 Qxc5 18.dxc5 a5 19.Bd2 Ra8 20.b4 axb4 21.axb4 Kd7 22.b5 Ne5
23.Be2 cxb5 24.Bxb5+ Nc6 25.Rfd1 Rhb8 26.Bc4 Rxa1 27.Rxa1 Rb2 28.Bxd5 Rxd2
29.Be4 f5 30.Bxc6+ Kxc6 31.h4 Rd7 32.Ra6+ Kxc5 33.Rxe6 Kd5 34.Re2 Ra7 35.Kh2 Ra5  1/2-1/2

[Event "World Blitz"]
[Site "Rishon Le Zion ISR"]
[Date "2006.09.07"]
[Round "9"]
[White "Polgar,Ju"]
[Black "Gagunashvili,M"]
[Result "1/2-1/2"]
[WhiteElo "2710"]
[BlackElo "2591"]

1.e4 c6 2.d4 d5 3.exd5 cxd5 4.c4 Nf6 5.Nc3 e6 6.Nf3 Bb4 7.cxd5 exd5 8.Bb5+ Bd7
9.Qe2+ Qe7 10.Ne5 Bxb5 11.Qxb5+ Nc6 12.O-O O-O 13.Nxc6 bxc6 14.Qxc6 Rfc8
15.Qa6 Bxc3 16.bxc3 Rxc3 17.Bg5 Qe6 18.Qb7 Qc6 19.Rfb1 Ne4 20.Be3 Nd6 21.Qe7 Nf5
22.Qe5 Nxe3 23.fxe3 Re8 24.Rb8 Rxe3 25.Qxe3 Rxb8 26.Rc1 Qd6 27.h3 h6 28.Qf3 Re8
29.Rc5 Rd8 30.a4 g6 31.a5 Kg7 32.Qe3 Rd7 33.Qf3 Qf6 34.Qxf6+ Kxf6 35.Kf2 Ke6
36.Rc6+ Rd6 37.Rc7 Ra6 38.Rc5 Kd6 39.g4 Rc6 40.Rb5 Rc2+ 41.Kg3 Rc3+ 42.Kg2 Ra3
43.Rb7 Rxa5 44.Rxf7 Ke6 45.Rh7 Kf6 46.Rxh6 Kg7 47.g5 Ra3 48.Rh4 Re3 49.Rf4 a5
50.Rf6 Re4  1/2-1/2

[Event "World Blitz"]
[Site "Rishon Le Zion ISR"]
[Date "2006.09.07"]
[Round "11"]
[White "Erenburg,S"]
[Black "Polgar,Ju"]
[Result "1-0"]
[WhiteElo "2585"]
[BlackElo "2710"]

1.e4 c5 2.c3 Nf6 3.e5 Nd5 4.d4 cxd4 5.Nf3 e6 6.cxd4 d6 7.Bc4 Nb6 8.Bb3 Bd7
9.O-O Bc6 10.Nc3 N8d7 11.Qe2 dxe5 12.dxe5 Nc5 13.Bc2 Be7 14.Rd1 Qc7 15.Nd4 O-O
16.Nxc6 Qxc6 17.Qg4 Rfd8 18.Bh6 g6 19.Rac1 Rxd1+ 20.Rxd1 Nbd7 21.Qd4 Nf8
22.b4 Rd8 23.Qc4 Rxd1+ 24.Bxd1 Ncd7 25.Qd4 Qc7 26.Bf4 a5 27.a3 axb4 28.axb4 g5
29.Bg3 Ng6 30.Nb5 Qd8 31.Bc2 Qc8 32.Bd3 Nb8 33.Nd6 Qc1+ 34.Bf1 Nc6 35.Qb6 Ncxe5
36.Nxb7 Nd3 37.Qe3 Qxe3 38.fxe3 Nxb4 39.Kf2 h5 40.Bb8 Na6 41.Ba7 Ne5 42.h3 h4
43.Bxa6 Nc6 44.Bc5 Bf6 45.Nd6 Be5 46.Ne4 f6 47.Bb5 Na5 48.Bb4 Nb7 49.Ba6 Nd8
50.Be7 Nc6 51.Bxf6 Bxf6 52.Nxf6+ Kf7 53.Ne4 Kg6 54.Bd3 Ne5 55.Bc2 g4 56.Nc5+ Kf6
57.Nd3 g3+ 58.Ke2 Nc4 59.Ne1 Kg5 60.Nf3+ Kh5 61.Bb3 Nd6 62.Bxe6 Ne4 63.Bg4+  1-0

[Event "World Blitz"]
[Site "Rishon Le Zion ISR"]
[Date "2006.09.07"]
[Round "13"]
[White "Zoler,D"]
[Black "Polgar,Ju"]
[Result "1/2-1/2"]
[WhiteElo "2455"]
[BlackElo "2710"]

1.d4 Nf6 2.c4 g6 3.Nf3 Bg7 4.Nc3 O-O 5.Bg5 d6 6.e3 Nbd7 7.Be2 e5 8.O-O h6
9.Bh4 c6 10.Rc1 Qe7 11.Re1 g5 12.Bg3 Nh5 13.d5 f5 14.Nd2 Nhf6 15.f3 c5 16.Bf2 Kh8
17.a3 a5 18.Rb1 f4 19.Bd3 Rg8 20.Bf5 Nf8 21.Qc2 g4 22.exf4 Qf7 23.Bxc8 Rxc8
24.fxe5 dxe5 25.Qf5 Ng6 26.fxg4 Ne7 27.Qf3 Qg6 28.Rxe5 Rce8 29.Rbe1 Nxg4
30.Re6 Qc2  1/2-1/2

[Event "World Blitz"]
[Site "Rishon Le Zion ISR"]
[Date "2006.09.07"]
[Round "14"]
[White "Polgar,Ju"]
[Black "Bacrot,E"]
[Result "1/2-1/2"]
[WhiteElo "2710"]
[BlackElo "2707"]

1.e4 e5 2.Nf3 Nc6 3.Bb5 Nf6 4.d3 Bc5 5.O-O d6 6.c3 O-O 7.Nbd2 a6 8.Ba4 b5
9.Bc2 d5 10.Nxe5 Nxe5 11.d4 Bd6 12.dxe5 Bxe5 13.Nf3 Bg4 14.exd5 Bxf3 15.Qxf3 Qxd5
16.Qh3 Rfe8 17.Rd1 Qc6 18.Bg5 h6 19.Be3 b4 20.Qf5 bxc3 21.bxc3 Bxc3 22.Rab1 Rad8
23.h3 Qe6 24.Qxe6 fxe6 25.Bg6 Rxd1+ 26.Rxd1 Rb8 27.Rc1 Be5 28.Rc6 Nd5 29.Rxe6 Bd6
30.h4 Nxe3 31.Rxe3 a5 32.g4 Bf4 33.Re4 Bc1 34.Kg2 Kf8 35.f4 Bb2 36.g5 hxg5
37.hxg5 c5 38.Kh3 Rc8 39.Rc4 Ke7 40.Ra4 Bc3 41.Rc4 Bb2 42.Kg4 Kd6 43.Rc2 Bd4
44.Bf7 Rb8 45.Re2 Rb2 46.Re6+ Kd7 47.Ra6 Bc3 48.f5 Rg2+ 49.Kh5 Bd2 50.Rg6 Bc3
51.Bd5 Rh2+ 52.Kg4 Rd2 53.Be6+ Ke7 54.Kf3 Rd6 55.Ke4 Bb2 56.Bd5 Rxg6 57.fxg6 Kd6
58.Bc4 Bd4  1/2-1/2

[Event "II Rapid"]
[Site "Canada de Calatrava ESP"]
[Date "2007.04.06"]
[Round "3"]
[White "Polgar,Ju"]
[Black "Ubilava,E"]
[Result "1-0"]
[WhiteElo "2727"]
[BlackElo "2528"]

1.e4 c5 2.Nf3 d6 3.d4 cxd4 4.Nxd4 Nf6 5.Nc3 Nc6 6.Bg5 Bd7 7.Be2 a6 8.Bxf6 gxf6
9.O-O e6 10.Kh1 h5 11.f4 Qb6 12.Nb3 h4 13.a4 h3 14.g3 Na5 15.f5 Nxb3 16.cxb3 Be7
17.Bh5 Kf8 18.fxe6 fxe6 19.Bg4 Qb4 20.Rf4 Rd8 21.Qf1 Qd4 22.e5 Bc6+ 23.Bf3 Qxe5
24.Re1 Qc5 25.Rxe6 Bxf3+ 26.Qxf3 Rh6 27.Qxb7 Re8 28.Qxa6 Rh5 29.b4 Qc7 30.Qf1 Qb7+
31.Qf3 Qxf3+ 32.Rxf3 Re5 33.Rxe5 dxe5 34.b5 Kf7 35.g4 Bc5 36.Ne4 Rc8  1-0

[Event "II Rapid"]
[Site "Canada de Calatrava ESP"]
[Date "2007.04.08"]
[Round "7"]
[White "Fridman,D2"]
[Black "Polgar,Ju"]
[Result "1-0"]
[WhiteElo "2626"]
[BlackElo "2727"]

1.d4 Nf6 2.Nf3 e6 3.c4 b6 4.g3 Bb7 5.Bg2 Be7 6.O-O O-O 7.d5 Na6 8.Nd4 Qc8
9.e4 c5 10.Nb5 d6 11.N1c3 Rd8 12.Bh3 Qd7 13.Re1 Bc8 14.Qe2 Bf8 15.Bf4 Re8
16.dxe6 fxe6 17.Rad1 Qf7 18.Bxd6 e5 19.Bxc8 Rexc8 20.Bxe5 Nb4 21.Bxf6 gxf6
22.Qg4+ Qg6 23.Qxg6+ hxg6 24.Nd5 Nxd5 25.exd5 a6 26.Nc3 b5 27.b3 f5 28.Re6 Kf7
29.Ne2 bxc4 30.bxc4 g5 31.Nc1 Re8 32.Rde1 Rxe6 33.Rxe6 Bg7 34.Nd3 Bd4 35.Ne5+ Kg7
36.Nc6 Kf7 37.Re7+ Kf6 38.d6  1-0

[Event "GM"]
[Site "Biel SUI"]
[Date "2007.07.23"]
[Round "1"]
[White "Van Wely,L"]
[Black "Polgar,Ju"]
[Result "0-1"]
[WhiteElo "2680"]
[BlackElo "2707"]

1.d4 Nf6 2.c4 e6 3.Nf3 b6 4.g3 Bb7 5.Bg2 Be7 6.O-O O-O 7.d5 Na6 8.Nd4 exd5
9.Nc3 c6 10.cxd5 Nxd5 11.Nxd5 cxd5 12.Nf5 Bf6 13.Bxd5 Bc6 14.Qb3 Nc5 15.Qf3 Bxd5
16.Qxd5 Qe8 17.Qf3 Qe6 18.Ne3 Ne4 19.Rd1 Rac8 20.Nd5 Rc2 21.Nxf6+ Nxf6 22.Rd2 Rc5
23.Rd4 Re8 24.Be3 Rf5 25.Qb7 Re5 26.Qf3 h5 27.Rad1 Qxa2 28.R4d2 Qa4 29.h3 Qb5
30.Bd4 Rf5 31.Qb7 Rxe2 32.Bxf6 gxf6 33.Qc8+ Kg7 34.Rxd7 Rfxf2 35.Rxf7+ Kxf7
36.Rd7+ Re7 37.Rxe7+ Kxe7 38.Qb7+ Ke6 39.Qe4+ Qe5 40.Qc6+ Kf5  0-1

[Event "GM"]
[Site "Biel SUI"]
[Date "2007.07.24"]
[Round "2"]
[White "Polgar,Ju"]
[Black "Carlsen,M"]
[Result "1/2-1/2"]
[WhiteElo "2707"]
[BlackElo "2710"]

1.e4 e5 2.Nf3 Nc6 3.Bb5 a6 4.Ba4 Nf6 5.O-O Nxe4 6.d4 b5 7.Bb3 d5 8.dxe5 Be6
9.Nbd2 Be7 10.c3 O-O 11.Bc2 f5 12.Nb3 Qd7 13.Nfd4 Nxd4 14.Nxd4 c5 15.Nxe6 Qxe6
16.f3 Ng5 17.a4 Rad8 18.axb5 axb5 19.Ra7 Rd7 20.Rxd7 Qxd7 21.Be3 f4 22.Bf2 g6
23.Qd2 Ne6 24.Rd1 Rd8 25.Be4 Qc7 26.Bxd5 Qxe5 27.b3 Kg7 28.c4 bxc4 29.bxc4 Nc7
30.Qa2 Nxd5 31.cxd5 Kf8 32.h3 Qd6 33.Qc4 Kf7 34.Kh1 Kf8 35.Re1 Kf7 36.Rd1 Kf8
37.Bg1 Kf7 38.Qe4 Bf6 39.Qc4 Bd4 40.Qc1 Qxd5 41.Qxf4+ Kg8 42.Bxd4 cxd4 43.Rd3  1/2-1/2